| 000 | 00690nam a2200265Ia 4500 | ||
|---|---|---|---|
| 003 | OSt | ||
| 005 | 20220912152933.0 | ||
| 006 | a|||||r|||| 00| 0 | ||
| 007 | ta | ||
| 008 | 220909b |||||||| |||| 00| 0 eng d | ||
| 024 | _a29812 | ||
| 037 | _cTextual | ||
| 040 |
_aCSL _beng _cCSL |
||
| 041 | _aeng | ||
| 082 | _aB38:1, M8 | ||
| 100 | _aWiggins Stephen | ||
| 245 | 0 | _aGlobal bifuractions and chaos | |
| 260 |
_aNew York _b Springer Verlag _c1988 |
||
| 300 |
_ap. _ccm. |
||
| 500 | _aIncludes reference 477-487p | ||
| 650 | _a Cauchys theorem | ||
| 650 | _aComplex variable | ||
| 942 |
_hB38:1, M8 _cTEXL _2CC |
||
| 999 |
_c94293 _d94293 |
||